<?xml version="1.0" encoding="UTF-8"?><record xmlns="http://www.loc.gov/MARC21/slim" xmlns:zs="http://docs.oasis-open.org/ns/search-ws/sruResponse">
  <leader>09898cas a2201717   4500</leader>
  <controlfield tag="001">11139276</controlfield>
  <controlfield tag="005">20260210104701.9</controlfield>
  <controlfield tag="008">750817d1930uuuunjubr j       0   a0eng c</controlfield>
  <datafield ind1=" " ind2=" " tag="010">
    <subfield code="a">e  34000503 </subfield>
    <subfield code="z">sn 78006211 </subfield>
  </datafield>
  <datafield ind1=" " ind2=" " tag="016">
    <subfield code="a">(AMICUS)000000568644</subfield>
  </datafield>
  <datafield ind1="7" ind2=" " tag="016">
    <subfield code="a">0372725</subfield>
    <subfield code="2">DNLM</subfield>
  </datafield>
  <datafield ind1="7" ind2=" " tag="016">
    <subfield code="a">C17980000</subfield>
    <subfield code="2">DNLM</subfield>
  </datafield>
  <datafield ind1="7" ind2=" " tag="016">
    <subfield code="a">012390823</subfield>
    <subfield code="2">Uk</subfield>
  </datafield>
  <datafield ind1=" " ind2=" " tag="019">
    <subfield code="a">51395151</subfield>
    <subfield code="a">223227639</subfield>
    <subfield code="a">962363700</subfield>
    <subfield code="a">972074557</subfield>
    <subfield code="a">977892111</subfield>
    <subfield code="a">992622799</subfield>
    <subfield code="a">995614377</subfield>
    <subfield code="a">1025471012</subfield>
    <subfield code="a">1031597123</subfield>
    <subfield code="a">1031802867</subfield>
    <subfield code="a">1032981392</subfield>
    <subfield code="a">1039208783</subfield>
    <subfield code="a">1052750963</subfield>
    <subfield code="a">1056276759</subfield>
    <subfield code="a">1060557305</subfield>
    <subfield code="a">1063738656</subfield>
    <subfield code="a">1100385898</subfield>
    <subfield code="a">1109854091</subfield>
    <subfield code="a">1127488396</subfield>
    <subfield code="a">1131911921</subfield>
    <subfield code="a">1141218321</subfield>
    <subfield code="a">1142298837</subfield>
    <subfield code="a">1167092512</subfield>
    <subfield code="a">1179428863</subfield>
    <subfield code="a">1184175686</subfield>
    <subfield code="a">1196253338</subfield>
    <subfield code="a">1200987522</subfield>
    <subfield code="a">1200987978</subfield>
    <subfield code="a">1201000557</subfield>
    <subfield code="a">1201020373</subfield>
    <subfield code="a">1201575007</subfield>
    <subfield code="a">1201614761</subfield>
    <subfield code="a">1201840742</subfield>
    <subfield code="a">1201887590</subfield>
    <subfield code="a">1201891679</subfield>
    <subfield code="a">1201910616</subfield>
    <subfield code="a">1202004078</subfield>
    <subfield code="a">1377744219</subfield>
    <subfield code="a">1514165330</subfield>
    <subfield code="a">1514361160</subfield>
  </datafield>
  <datafield ind1="0" ind2=" " tag="022">
    <subfield code="a">0009-3920</subfield>
    <subfield code="2">1</subfield>
  </datafield>
  <datafield ind1="0" ind2=" " tag="023">
    <subfield code="a">0009-3920</subfield>
    <subfield code="2">0</subfield>
  </datafield>
  <datafield ind1="1" ind2=" " tag="029">
    <subfield code="a">AU@</subfield>
    <subfield code="b">000010151614</subfield>
  </datafield>
  <datafield ind1="1" ind2=" " tag="029">
    <subfield code="a">AU@</subfield>
    <subfield code="b">000021807116</subfield>
  </datafield>
  <datafield ind1="1" ind2=" " tag="029">
    <subfield code="a">AU@</subfield>
    <subfield code="b">000045772248</subfield>
  </datafield>
  <datafield ind1="1" ind2=" " tag="029">
    <subfield code="a">AU@</subfield>
    <subfield code="b">000055520434</subfield>
  </datafield>
  <datafield ind1="1" ind2=" " tag="029">
    <subfield code="a">NLC</subfield>
    <subfield code="b">000000568644</subfield>
  </datafield>
  <datafield ind1="1" ind2=" " tag="029">
    <subfield code="a">NLM</subfield>
    <subfield code="b">0372725</subfield>
  </datafield>
  <datafield ind1="1" ind2=" " tag="029">
    <subfield code="a">NZ1</subfield>
    <subfield code="b">1474128</subfield>
  </datafield>
  <datafield ind1="1" ind2=" " tag="029">
    <subfield code="a">NZ1</subfield>
    <subfield code="b">4959533</subfield>
  </datafield>
  <datafield ind1="1" ind2=" " tag="029">
    <subfield code="a">UKMGB</subfield>
    <subfield code="b">012390823</subfield>
  </datafield>
  <datafield ind1=" " ind2=" " tag="030">
    <subfield code="a">CHDEAW</subfield>
  </datafield>
  <datafield ind1=" " ind2=" " tag="032">
    <subfield code="a">889020</subfield>
    <subfield code="b">USPS</subfield>
  </datafield>
  <datafield ind1=" " ind2=" " tag="035">
    <subfield code="a">(OCoLC)1554210</subfield>
  </datafield>
  <datafield ind1=" " ind2=" " tag="037">
    <subfield code="b">Child Development, 5801 Ellis Ave., Chicago, IL 60637</subfield>
  </datafield>
  <datafield ind1=" " ind2=" " tag="040">
    <subfield code="a">MUL</subfield>
    <subfield code="b">eng</subfield>
    <subfield code="c">MUL</subfield>
    <subfield code="d">NSD</subfield>
    <subfield code="d">DLC</subfield>
    <subfield code="d">NSD</subfield>
    <subfield code="d">IUL</subfield>
    <subfield code="d">HUL</subfield>
    <subfield code="d">IUL</subfield>
    <subfield code="d">NSD</subfield>
    <subfield code="d">HUL</subfield>
    <subfield code="d">DLC</subfield>
    <subfield code="d">NST</subfield>
    <subfield code="d">DLC</subfield>
    <subfield code="d">OCL</subfield>
    <subfield code="d">RCS</subfield>
    <subfield code="d">AIP</subfield>
    <subfield code="d">NSD</subfield>
    <subfield code="d">AIP</subfield>
    <subfield code="d">NSD</subfield>
    <subfield code="d">AIP</subfield>
    <subfield code="d">AGL</subfield>
    <subfield code="d">AIP</subfield>
    <subfield code="d">AGL</subfield>
    <subfield code="d">AIP</subfield>
    <subfield code="d">NST</subfield>
    <subfield code="d">AGL</subfield>
    <subfield code="d">OCL</subfield>
    <subfield code="d">IUL</subfield>
    <subfield code="d">LYU</subfield>
    <subfield code="d">OCLCQ</subfield>
    <subfield code="d">NLM</subfield>
    <subfield code="d">OCLCQ</subfield>
    <subfield code="d">MYG</subfield>
    <subfield code="d">EYM</subfield>
    <subfield code="d">HUL</subfield>
    <subfield code="d">CUS</subfield>
    <subfield code="d">OCL</subfield>
    <subfield code="d">NLGGC</subfield>
    <subfield code="d">LVB</subfield>
    <subfield code="d">NSD</subfield>
    <subfield code="d">CRU</subfield>
    <subfield code="d">OCLCQ</subfield>
    <subfield code="d">MOF</subfield>
    <subfield code="d">UKMGB</subfield>
    <subfield code="d">OCLCQ</subfield>
    <subfield code="d">OCLCO</subfield>
    <subfield code="d">OCLCF</subfield>
    <subfield code="d">P4I</subfield>
    <subfield code="d">OCLCO</subfield>
    <subfield code="d">OVY</subfield>
    <subfield code="d">OCLCO</subfield>
    <subfield code="d">OCLCQ</subfield>
    <subfield code="d">OCLCO</subfield>
    <subfield code="d">DLC</subfield>
    <subfield code="d">OCLCQ</subfield>
    <subfield code="d">OCLCO</subfield>
    <subfield code="d">NLC</subfield>
    <subfield code="d">OCLCQ</subfield>
    <subfield code="d">OCLCO</subfield>
    <subfield code="d">CPO</subfield>
    <subfield code="d">OCLCA</subfield>
    <subfield code="d">HUELT</subfield>
    <subfield code="d">OCLCQ</subfield>
    <subfield code="d">MMC</subfield>
    <subfield code="d">OCLCQ</subfield>
    <subfield code="d">OCLCO</subfield>
    <subfield code="d">FUG</subfield>
    <subfield code="d">IL4J6</subfield>
    <subfield code="d">OCLCQ</subfield>
    <subfield code="d">TXHLS</subfield>
    <subfield code="d">LEATE</subfield>
    <subfield code="d">OCLCL</subfield>
    <subfield code="d">OCLCQ</subfield>
    <subfield code="d">DLC</subfield>
  </datafield>
  <datafield ind1=" " ind2=" " tag="042">
    <subfield code="a">nsdp</subfield>
    <subfield code="a">pcc</subfield>
  </datafield>
  <datafield ind1="0" ind2="0" tag="050">
    <subfield code="a">HQ750.A1</subfield>
    <subfield code="b">C45</subfield>
  </datafield>
  <datafield ind1="1" ind2="4" tag="050">
    <subfield code="a">BF721.A1</subfield>
    <subfield code="b">C42</subfield>
  </datafield>
  <datafield ind1="0" ind2="0" tag="060">
    <subfield code="a">W1</subfield>
    <subfield code="b">CH647</subfield>
  </datafield>
  <datafield ind1="0" ind2="0" tag="060">
    <subfield code="a">Film S04760</subfield>
  </datafield>
  <datafield ind1="0" ind2=" " tag="070">
    <subfield code="a">RJ1.C3</subfield>
  </datafield>
  <datafield ind1=" " ind2="0" tag="072">
    <subfield code="a">U400</subfield>
  </datafield>
  <datafield ind1="0" ind2="0" tag="082">
    <subfield code="a">136.705</subfield>
  </datafield>
  <datafield ind1="0" ind2=" " tag="210">
    <subfield code="a">Child dev.</subfield>
  </datafield>
  <datafield ind1=" " ind2="0" tag="222">
    <subfield code="a">Child development</subfield>
  </datafield>
  <datafield ind1="0" ind2="0" tag="245">
    <subfield code="a">Child development.</subfield>
  </datafield>
  <datafield ind1=" " ind2=" " tag="260">
    <subfield code="a">[Chicago, etc.]</subfield>
    <subfield code="b">Published by the University of Chicago Press for the Society for Research in Child Development</subfield>
  </datafield>
  <datafield ind1=" " ind2=" " tag="300">
    <subfield code="a">volumes</subfield>
    <subfield code="b">illustrations</subfield>
    <subfield code="c">23-26 cm</subfield>
  </datafield>
  <datafield ind1=" " ind2=" " tag="310">
    <subfield code="a">Bimonthly,</subfield>
    <subfield code="b">1982-</subfield>
  </datafield>
  <datafield ind1=" " ind2=" " tag="321">
    <subfield code="a">Quarterly,</subfield>
    <subfield code="b">1930-1981</subfield>
  </datafield>
  <datafield ind1=" " ind2=" " tag="336">
    <subfield code="a">text</subfield>
    <subfield code="b">txt</subfield>
    <subfield code="2">rdacontent</subfield>
  </datafield>
  <datafield ind1=" " ind2=" " tag="337">
    <subfield code="a">unmediated</subfield>
    <subfield code="b">n</subfield>
    <subfield code="2">rdamedia</subfield>
  </datafield>
  <datafield ind1=" " ind2=" " tag="338">
    <subfield code="a">volume</subfield>
    <subfield code="b">nc</subfield>
    <subfield code="2">rdacarrier</subfield>
  </datafield>
  <datafield ind1="0" ind2=" " tag="362">
    <subfield code="a">v. 1- Mar. 1930-</subfield>
  </datafield>
  <datafield ind1=" " ind2=" " tag="500">
    <subfield code="a">Published: Hoboken, NJ : Wiley for the Society for Research in Child Development, &lt;2014-&gt;</subfield>
  </datafield>
  <datafield ind1=" " ind2=" " tag="530">
    <subfield code="a">Also issued on microfilm by University Microfilms International.</subfield>
  </datafield>
  <datafield ind1=" " ind2=" " tag="530">
    <subfield code="a">Reprinted vols. 1-40 available from Kraus Reprints; v. 37- issued on microfiche by J.S. Canner &amp; Co. and Johnson Associates.</subfield>
  </datafield>
  <datafield ind1=" " ind2=" " tag="530">
    <subfield code="a">Also issued online.</subfield>
  </datafield>
  <datafield ind1=" " ind2=" " tag="555">
    <subfield code="a">Vols. 1-16, 1930-45, in v. 16, no. 4.</subfield>
  </datafield>
  <datafield ind1=" " ind2=" " tag="588">
    <subfield code="a">Latest issue consulted: Vol. 85, no. 2 (Mar./Apr. 2014).</subfield>
  </datafield>
  <datafield ind1=" " ind2="0" tag="650">
    <subfield code="a">Child development</subfield>
    <subfield code="v">Periodicals.</subfield>
  </datafield>
  <datafield ind1=" " ind2="0" tag="650">
    <subfield code="a">Child psychology</subfield>
    <subfield code="v">Periodicals.</subfield>
  </datafield>
  <datafield ind1=" " ind2="2" tag="650">
    <subfield code="a">Growth.</subfield>
  </datafield>
  <datafield ind1=" " ind2="2" tag="650">
    <subfield code="a">Psychology, Child.</subfield>
  </datafield>
  <datafield ind1=" " ind2="6" tag="650">
    <subfield code="a">Enfants</subfield>
    <subfield code="x">Développement</subfield>
    <subfield code="v">Périodiques.</subfield>
  </datafield>
  <datafield ind1=" " ind2="7" tag="650">
    <subfield code="a">growth.</subfield>
    <subfield code="2">aat</subfield>
  </datafield>
  <datafield ind1=" " ind2="7" tag="650">
    <subfield code="a">Child development.</subfield>
    <subfield code="2">fast</subfield>
    <subfield code="0">(OCoLC)fst00854393</subfield>
  </datafield>
  <datafield ind1=" " ind2="7" tag="650">
    <subfield code="a">Child psychology.</subfield>
    <subfield code="2">fast</subfield>
    <subfield code="0">(OCoLC)fst00854540</subfield>
  </datafield>
  <datafield ind1="1" ind2="7" tag="650">
    <subfield code="a">Kinderen.</subfield>
    <subfield code="2">gtt</subfield>
  </datafield>
  <datafield ind1="1" ind2="7" tag="650">
    <subfield code="a">Ontwikkelingspsychologie.</subfield>
    <subfield code="2">gtt</subfield>
  </datafield>
  <datafield ind1=" " ind2="7" tag="650">
    <subfield code="a">Children.</subfield>
    <subfield code="2">homoit</subfield>
    <subfield code="0">https://homosaurus.org/v3/homoit0000255</subfield>
  </datafield>
  <datafield ind1=" " ind2="7" tag="650">
    <subfield code="a">Child development</subfield>
    <subfield code="v">Periodicals.</subfield>
    <subfield code="2">nli</subfield>
  </datafield>
  <datafield ind1=" " ind2="7" tag="650">
    <subfield code="a">Child psychology</subfield>
    <subfield code="v">Periodicals.</subfield>
    <subfield code="2">nli</subfield>
  </datafield>
  <datafield ind1=" " ind2="2" tag="655">
    <subfield code="a">Periodical.</subfield>
  </datafield>
  <datafield ind1=" " ind2="7" tag="655">
    <subfield code="a">Periodicals.</subfield>
    <subfield code="2">fast</subfield>
    <subfield code="0">(OCoLC)fst01411641</subfield>
  </datafield>
  <datafield ind1=" " ind2="7" tag="655">
    <subfield code="a">Periodicals.</subfield>
    <subfield code="2">lcgft</subfield>
  </datafield>
  <datafield ind1="2" ind2=" " tag="710">
    <subfield code="a">Society for Research in Child Development.</subfield>
    <subfield code="1">https://id.oclc.org/worldcat/entity/E39QH7Jmr6VmQGRwPGfvfJvdGR</subfield>
  </datafield>
  <datafield ind1="0" ind2="8" tag="776">
    <subfield code="i">Microfiche version:</subfield>
    <subfield code="t">Child development (Microfiche, JA)</subfield>
    <subfield code="w">(OCoLC)5259559</subfield>
  </datafield>
  <datafield ind1="0" ind2="8" tag="776">
    <subfield code="i">Microfilm version:</subfield>
    <subfield code="t">Child development (Microfilm, MIMCM)</subfield>
    <subfield code="w">(OCoLC)6082256</subfield>
  </datafield>
  <datafield ind1="0" ind2="8" tag="776">
    <subfield code="i">Microfilm version:</subfield>
    <subfield code="t">Child development (Microfilm, UMI)</subfield>
    <subfield code="w">(OCoLC)3996453</subfield>
  </datafield>
  <datafield ind1="0" ind2="8" tag="776">
    <subfield code="i">Continued online:</subfield>
    <subfield code="t">Child development (Online)</subfield>
    <subfield code="x">1467-8624</subfield>
    <subfield code="w">(DLC)  2004236850</subfield>
    <subfield code="w">(OCoLC)46569753</subfield>
  </datafield>
  <datafield ind1="0" ind2="8" tag="776">
    <subfield code="i">Online version:</subfield>
    <subfield code="t">Child development</subfield>
    <subfield code="w">(OCoLC)1572177674</subfield>
  </datafield>
  <datafield ind1=" " ind2=" " tag="850">
    <subfield code="a">CSt-L</subfield>
    <subfield code="a">CaAEU</subfield>
    <subfield code="a">DLC</subfield>
    <subfield code="a">DNAL</subfield>
    <subfield code="a">IaAS</subfield>
    <subfield code="a">MH-Lm</subfield>
    <subfield code="a">MnSU</subfield>
    <subfield code="a">NcRS</subfield>
    <subfield code="a">TxHMC</subfield>
  </datafield>
  <datafield ind1="2" ind2="0" tag="853">
    <subfield code="8">1</subfield>
    <subfield code="a">v.</subfield>
    <subfield code="b">no.</subfield>
    <subfield code="u">6</subfield>
    <subfield code="v">r</subfield>
    <subfield code="i">(year)</subfield>
    <subfield code="j">(month/month)</subfield>
    <subfield code="w">b</subfield>
    <subfield code="x">01/02</subfield>
  </datafield>
  <datafield ind1="4" ind2="1" tag="859">
    <subfield code="u">http://www.jstor.org/journals/00093920.html</subfield>
  </datafield>
  <datafield ind1="4" ind2="1" tag="859">
    <subfield code="u">http://www.blackwell-synergy.com/rd.asp?goto=journal&amp;code=cdev</subfield>
  </datafield>
  <datafield ind1="4" ind2="1" tag="859">
    <subfield code="u">http://bibpurl.oclc.org/web/7795</subfield>
    <subfield code="u">http://hearth.library.cornell.edu/h/hearth/browse/title/4731334.html</subfield>
    <subfield code="7">0</subfield>
  </datafield>
  <datafield ind1="4" ind2=" " tag="859">
    <subfield code="u">http://firstsearch.oclc.org</subfield>
    <subfield code="z">Address for accessing the journal using authorization number and password through OCLC FirstSearch Electronic Collections Online. Subscription to online journal required for access to abstracts and full text</subfield>
  </datafield>
  <datafield ind1="4" ind2=" " tag="859">
    <subfield code="u">http://firstsearch.oclc.org/journal=0009-3920;screen=info;ECOIP</subfield>
    <subfield code="z">Address for accessing the journal from an authorized IP address through OCLC FirstSearch Electronic Collections Online. Subscription to online journal required for access to abstracts and full text</subfield>
  </datafield>
  <datafield ind1="4" ind2="1" tag="863">
    <subfield code="8">1.1</subfield>
    <subfield code="a">&lt;71&gt;</subfield>
    <subfield code="b">&lt;1&gt;</subfield>
    <subfield code="i">&lt;2001&gt;</subfield>
    <subfield code="j">&lt;01/02&gt;</subfield>
  </datafield>
  <datafield ind1=" " ind2=" " tag="906">
    <subfield code="a">7</subfield>
    <subfield code="b">cbc</subfield>
    <subfield code="c">serials</subfield>
    <subfield code="d">3</subfield>
    <subfield code="e">ncip</subfield>
    <subfield code="f">19</subfield>
    <subfield code="g">n-oclcserc</subfield>
  </datafield>
  <datafield ind1="0" ind2=" " tag="249">
    <subfield code="i">ACQUIRE Title:</subfield>
    <subfield code="a">Child Development.</subfield>
  </datafield>
  <datafield ind1=" " ind2=" " tag="590">
    <subfield code="a">SERBIB/SERLOC merged record</subfield>
  </datafield>
  <datafield ind1=" " ind2=" " tag="592">
    <subfield code="a">ACQN: aq 96005287</subfield>
  </datafield>
  <datafield ind1=" " ind2=" " tag="890">
    <subfield code="a">Child development.</subfield>
    <subfield code="i">e34-503</subfield>
  </datafield>
  <datafield ind1=" " ind2=" " tag="920">
    <subfield code="a">Keep 1</subfield>
  </datafield>
  <datafield ind1=" " ind2=" " tag="984">
    <subfield code="a">srvf</subfield>
    <subfield code="d">2000-10-05</subfield>
  </datafield>
  <datafield ind1=" " ind2=" " tag="991">
    <subfield code="b">c-GenColl</subfield>
    <subfield code="h">HQ750.A1</subfield>
    <subfield code="i">C45</subfield>
    <subfield code="w">SERIALS</subfield>
  </datafield>
  <datafield ind1=" " ind2=" " tag="991">
    <subfield code="b">c-GenColl</subfield>
    <subfield code="h">HQ750.A1</subfield>
    <subfield code="i">C45</subfield>
    <subfield code="p">00039008476</subfield>
    <subfield code="t">Copy 1</subfield>
    <subfield code="v">3 * 1932</subfield>
    <subfield code="w">CCF</subfield>
  </datafield>
  <datafield ind1=" " ind2=" " tag="991">
    <subfield code="b">c-GenColl</subfield>
    <subfield code="h">HQ750.A1</subfield>
    <subfield code="i">C45</subfield>
    <subfield code="p">00038663811</subfield>
    <subfield code="t">Copy 1</subfield>
    <subfield code="v">48 Sept-Dec * 1977 Sept-Dec</subfield>
    <subfield code="w">CCF</subfield>
  </datafield>
  <datafield ind1=" " ind2=" " tag="991">
    <subfield code="b">c-GenColl</subfield>
    <subfield code="h">HQ750.A1</subfield>
    <subfield code="i">C45</subfield>
    <subfield code="p">0001362379A</subfield>
    <subfield code="t">Copy 1</subfield>
    <subfield code="v">56 * 1985 :Aug-Dec</subfield>
    <subfield code="w">CCF</subfield>
  </datafield>
  <datafield ind1=" " ind2=" " tag="991">
    <subfield code="b">c-GenColl</subfield>
    <subfield code="h">HQ750.A1</subfield>
    <subfield code="i">C45</subfield>
    <subfield code="p">00034023682</subfield>
    <subfield code="t">Copy 1</subfield>
    <subfield code="v">61 Aug-Oct * 1990</subfield>
    <subfield code="w">CCF</subfield>
  </datafield>
  <datafield ind1=" " ind2=" " tag="991">
    <subfield code="b">c-GenColl</subfield>
    <subfield code="h">HQ750.A1</subfield>
    <subfield code="i">C45</subfield>
    <subfield code="p">00055031149</subfield>
    <subfield code="t">Copy 1</subfield>
    <subfield code="v">64 JUNE-AUG * 1993</subfield>
    <subfield code="w">CCF</subfield>
  </datafield>
  <datafield ind1=" " ind2=" " tag="991">
    <subfield code="b">c-GenColl</subfield>
    <subfield code="h">HQ750.A1</subfield>
    <subfield code="i">C45</subfield>
    <subfield code="p">00055596773</subfield>
    <subfield code="t">Copy 1</subfield>
    <subfield code="v">64 Oct-Dec * 1993</subfield>
    <subfield code="w">CCF</subfield>
  </datafield>
  <datafield ind1=" " ind2=" " tag="991">
    <subfield code="b">c-GenColl</subfield>
    <subfield code="h">HQ750.A1</subfield>
    <subfield code="i">C45</subfield>
    <subfield code="p">00038086637</subfield>
    <subfield code="t">Copy 1</subfield>
    <subfield code="v">65:Jun-Aug * 1994</subfield>
    <subfield code="w">CCF</subfield>
  </datafield>
  <datafield ind1=" " ind2=" " tag="991">
    <subfield code="b">c-GenColl</subfield>
    <subfield code="h">HQ750.A1</subfield>
    <subfield code="i">C45</subfield>
    <subfield code="p">00038086595</subfield>
    <subfield code="t">Copy 1</subfield>
    <subfield code="v">65:Oct-Dec * 1994</subfield>
    <subfield code="w">CCF</subfield>
  </datafield>
  <datafield ind1=" " ind2=" " tag="991">
    <subfield code="b">c-GenColl</subfield>
    <subfield code="h">HQ750.A1</subfield>
    <subfield code="i">C45</subfield>
    <subfield code="p">00053869518</subfield>
    <subfield code="t">Copy 1</subfield>
    <subfield code="v">66 * 1995 Feb-June</subfield>
    <subfield code="w">CCF</subfield>
  </datafield>
  <datafield ind1=" " ind2=" " tag="991">
    <subfield code="b">c-GenColl</subfield>
    <subfield code="h">HQ750.A1</subfield>
    <subfield code="i">C45</subfield>
    <subfield code="p">00055597285</subfield>
    <subfield code="t">Copy 1</subfield>
    <subfield code="v">67 * 1996 Feb-Apr</subfield>
    <subfield code="w">CCF</subfield>
  </datafield>
  <datafield ind1=" " ind2=" " tag="991">
    <subfield code="b">c-GenColl</subfield>
    <subfield code="h">HQ750.A1</subfield>
    <subfield code="i">C45</subfield>
    <subfield code="p">00025238606</subfield>
    <subfield code="t">Copy 1</subfield>
    <subfield code="v">19 * 1948</subfield>
    <subfield code="w">CCF</subfield>
  </datafield>
  <datafield ind1=" " ind2=" " tag="991">
    <subfield code="b">c-GenColl</subfield>
    <subfield code="h">HQ750.A1</subfield>
    <subfield code="i">C45</subfield>
    <subfield code="p">00025238576</subfield>
    <subfield code="t">Copy 1</subfield>
    <subfield code="v">20:1-4 * 8888</subfield>
    <subfield code="w">CCF</subfield>
  </datafield>
  <datafield ind1=" " ind2=" " tag="991">
    <subfield code="b">c-GenColl</subfield>
    <subfield code="h">HQ750.A1</subfield>
    <subfield code="i">C45</subfield>
    <subfield code="p">00025238588</subfield>
    <subfield code="t">Copy 1</subfield>
    <subfield code="v">22:1-4 * 8888</subfield>
    <subfield code="w">CCF</subfield>
  </datafield>
  <datafield ind1=" " ind2=" " tag="991">
    <subfield code="b">c-GenColl</subfield>
    <subfield code="h">HQ750.A1</subfield>
    <subfield code="i">C45</subfield>
    <subfield code="p">00020377719</subfield>
    <subfield code="t">Copy 1</subfield>
    <subfield code="v">24-25 * 8888</subfield>
    <subfield code="w">CCF</subfield>
  </datafield>
  <datafield ind1=" " ind2=" " tag="991">
    <subfield code="b">c-GenColl</subfield>
    <subfield code="h">HQ750.A1</subfield>
    <subfield code="i">C45</subfield>
    <subfield code="p">00014449851</subfield>
    <subfield code="t">Copy 1</subfield>
    <subfield code="v">36:1-2 * 8888</subfield>
    <subfield code="w">CCF</subfield>
  </datafield>
  <datafield ind1=" " ind2=" " tag="991">
    <subfield code="b">c-GenColl</subfield>
    <subfield code="h">HQ750.A1</subfield>
    <subfield code="i">C45</subfield>
    <subfield code="p">00014449863</subfield>
    <subfield code="t">Copy 1</subfield>
    <subfield code="v">36:3-4 * 8888</subfield>
    <subfield code="w">CCF</subfield>
  </datafield>
  <datafield ind1=" " ind2=" " tag="991">
    <subfield code="b">c-GenColl</subfield>
    <subfield code="h">HQ750.A1</subfield>
    <subfield code="i">C45</subfield>
    <subfield code="p">00023390784</subfield>
    <subfield code="t">Copy 1</subfield>
    <subfield code="v">37 1966 * 8888</subfield>
    <subfield code="w">CCF</subfield>
  </datafield>
  <datafield ind1=" " ind2=" " tag="991">
    <subfield code="b">c-GenColl</subfield>
    <subfield code="h">HQ750.A1</subfield>
    <subfield code="i">C45</subfield>
    <subfield code="p">00023390553</subfield>
    <subfield code="t">Copy 1</subfield>
    <subfield code="v">38:1-2 * 8888</subfield>
    <subfield code="w">CCF</subfield>
  </datafield>
  <datafield ind1=" " ind2=" " tag="991">
    <subfield code="b">c-GenColl</subfield>
    <subfield code="h">HQ750.A1</subfield>
    <subfield code="i">C45</subfield>
    <subfield code="p">00027286422</subfield>
    <subfield code="t">Copy 1</subfield>
    <subfield code="v">43:Mar-Jun 1972 * 8888</subfield>
    <subfield code="w">CCF</subfield>
  </datafield>
  <datafield ind1=" " ind2=" " tag="991">
    <subfield code="b">c-GenColl</subfield>
    <subfield code="h">HQ750.A1</subfield>
    <subfield code="i">C45</subfield>
    <subfield code="p">00017460006</subfield>
    <subfield code="t">Copy 1</subfield>
    <subfield code="v">49 Mar-June * 8888</subfield>
    <subfield code="w">CCF</subfield>
  </datafield>
  <datafield ind1=" " ind2=" " tag="991">
    <subfield code="b">c-GenColl</subfield>
    <subfield code="h">HQ750.A1</subfield>
    <subfield code="i">C45</subfield>
    <subfield code="p">00017460018</subfield>
    <subfield code="t">Copy 1</subfield>
    <subfield code="v">49 Sept-Dec * 8888</subfield>
    <subfield code="w">CCF</subfield>
  </datafield>
  <datafield ind1=" " ind2=" " tag="991">
    <subfield code="b">c-GenColl</subfield>
    <subfield code="h">HQ750.A1</subfield>
    <subfield code="i">C45</subfield>
    <subfield code="p">0001952209A</subfield>
    <subfield code="t">Copy 1</subfield>
    <subfield code="v">50:1-2 * 8888</subfield>
    <subfield code="w">CCF</subfield>
  </datafield>
  <datafield ind1=" " ind2=" " tag="991">
    <subfield code="b">c-GenColl</subfield>
    <subfield code="h">HQ750.A1</subfield>
    <subfield code="i">C45</subfield>
    <subfield code="p">00019522106</subfield>
    <subfield code="t">Copy 1</subfield>
    <subfield code="v">50:3-4 * 8888</subfield>
    <subfield code="w">CCF</subfield>
  </datafield>
  <datafield ind1=" " ind2=" " tag="991">
    <subfield code="b">c-GenColl</subfield>
    <subfield code="h">HQ750.A1</subfield>
    <subfield code="i">C45</subfield>
    <subfield code="p">00023039308</subfield>
    <subfield code="t">Copy 1</subfield>
    <subfield code="v">51 Mar-Jun 1980 * 8888</subfield>
    <subfield code="w">CCF</subfield>
  </datafield>
  <datafield ind1=" " ind2=" " tag="991">
    <subfield code="b">c-GenColl</subfield>
    <subfield code="h">HQ750.A1</subfield>
    <subfield code="i">C45</subfield>
    <subfield code="p">0002303928A</subfield>
    <subfield code="t">Copy 1</subfield>
    <subfield code="v">51 Sept-Dec 1980 * 8888</subfield>
    <subfield code="w">CCF</subfield>
  </datafield>
  <datafield ind1=" " ind2=" " tag="991">
    <subfield code="b">c-GenColl</subfield>
    <subfield code="h">HQ750.A1</subfield>
    <subfield code="i">C45</subfield>
    <subfield code="p">00019816503</subfield>
    <subfield code="t">Copy 1</subfield>
    <subfield code="v">52 * 8888</subfield>
    <subfield code="w">CCF</subfield>
  </datafield>
  <datafield ind1=" " ind2=" " tag="991">
    <subfield code="b">c-GenColl</subfield>
    <subfield code="h">HQ750.A1</subfield>
    <subfield code="i">C45</subfield>
    <subfield code="p">00015188649</subfield>
    <subfield code="t">Copy 1</subfield>
    <subfield code="v">53 * 1982 Oct-Dec</subfield>
    <subfield code="w">CCF</subfield>
  </datafield>
  <datafield ind1=" " ind2=" " tag="991">
    <subfield code="b">c-GenColl</subfield>
    <subfield code="h">HQ750.A1</subfield>
    <subfield code="i">C45</subfield>
    <subfield code="p">00015188716</subfield>
    <subfield code="t">Copy 1</subfield>
    <subfield code="v">53:Feb-Apr * 1982</subfield>
    <subfield code="w">CCF</subfield>
  </datafield>
  <datafield ind1=" " ind2=" " tag="991">
    <subfield code="b">c-GenColl</subfield>
    <subfield code="h">HQ750.A1</subfield>
    <subfield code="i">C45</subfield>
    <subfield code="p">00015188650</subfield>
    <subfield code="t">Copy 1</subfield>
    <subfield code="v">53:Jun-Aug * 1982</subfield>
    <subfield code="w">CCF</subfield>
  </datafield>
  <datafield ind1=" " ind2=" " tag="991">
    <subfield code="b">c-GenColl</subfield>
    <subfield code="h">HQ750.A1</subfield>
    <subfield code="i">C45</subfield>
    <subfield code="p">00025471337</subfield>
    <subfield code="t">Copy 1</subfield>
    <subfield code="v">54 * 1983 :Oct-Dec</subfield>
    <subfield code="w">CCF</subfield>
  </datafield>
  <datafield ind1=" " ind2=" " tag="991">
    <subfield code="b">c-GenColl</subfield>
    <subfield code="h">HQ750.A1</subfield>
    <subfield code="i">C45</subfield>
    <subfield code="p">00014448081</subfield>
    <subfield code="t">Copy 1</subfield>
    <subfield code="v">54 * 1983 :Feb-Apr</subfield>
    <subfield code="w">CCF</subfield>
  </datafield>
  <datafield ind1=" " ind2=" " tag="991">
    <subfield code="b">c-GenColl</subfield>
    <subfield code="h">HQ750.A1</subfield>
    <subfield code="i">C45</subfield>
    <subfield code="p">00020316226</subfield>
    <subfield code="t">Copy 1</subfield>
    <subfield code="v">54 * 1983 :Jun-Aug</subfield>
    <subfield code="w">CCF</subfield>
  </datafield>
  <datafield ind1=" " ind2=" " tag="991">
    <subfield code="b">c-GenColl</subfield>
    <subfield code="h">HQ750.A1</subfield>
    <subfield code="i">C45</subfield>
    <subfield code="p">00013623752</subfield>
    <subfield code="t">Copy 1</subfield>
    <subfield code="v">55 * 1984 :Aug-Dec</subfield>
    <subfield code="w">CCF</subfield>
  </datafield>
  <datafield ind1=" " ind2=" " tag="991">
    <subfield code="b">c-GenColl</subfield>
    <subfield code="h">HQ750.A1</subfield>
    <subfield code="i">C45</subfield>
    <subfield code="p">00013623739</subfield>
    <subfield code="t">Copy 1</subfield>
    <subfield code="v">55 * 1984 :Jun</subfield>
    <subfield code="w">CCF</subfield>
  </datafield>
  <datafield ind1=" " ind2=" " tag="991">
    <subfield code="b">c-GenColl</subfield>
    <subfield code="h">HQ750.A1</subfield>
    <subfield code="i">C45</subfield>
    <subfield code="p">00013623727</subfield>
    <subfield code="t">Copy 1</subfield>
    <subfield code="v">55 * 1984 :Feb-Apr</subfield>
    <subfield code="w">CCF</subfield>
  </datafield>
  <datafield ind1=" " ind2=" " tag="991">
    <subfield code="b">c-GenColl</subfield>
    <subfield code="h">HQ750.A1</subfield>
    <subfield code="i">C45</subfield>
    <subfield code="p">00020316123</subfield>
    <subfield code="t">Copy 1</subfield>
    <subfield code="v">56 * 1985 :Feb-Jun</subfield>
    <subfield code="w">CCF</subfield>
  </datafield>
  <datafield ind1=" " ind2=" " tag="991">
    <subfield code="b">c-GenColl</subfield>
    <subfield code="h">HQ750.A1</subfield>
    <subfield code="i">C45</subfield>
    <subfield code="p">00001366208</subfield>
    <subfield code="t">Copy 1</subfield>
    <subfield code="v">57:1986 * 8888</subfield>
    <subfield code="w">CCF</subfield>
  </datafield>
  <datafield ind1=" " ind2=" " tag="991">
    <subfield code="b">c-GenColl</subfield>
    <subfield code="h">HQ750.A1</subfield>
    <subfield code="i">C45</subfield>
    <subfield code="p">00020320308</subfield>
    <subfield code="t">Copy 1</subfield>
    <subfield code="v">58:1-3 * 8888</subfield>
    <subfield code="w">CCF</subfield>
  </datafield>
  <datafield ind1=" " ind2=" " tag="991">
    <subfield code="b">c-GenColl</subfield>
    <subfield code="h">HQ750.A1</subfield>
    <subfield code="i">C45</subfield>
    <subfield code="p">00005744672</subfield>
    <subfield code="t">Copy 1</subfield>
    <subfield code="v">58:8-12 * 8888</subfield>
    <subfield code="w">CCF</subfield>
  </datafield>
  <datafield ind1=" " ind2=" " tag="991">
    <subfield code="b">c-GenColl</subfield>
    <subfield code="h">HQ750.A1</subfield>
    <subfield code="i">C45</subfield>
    <subfield code="p">00005744702</subfield>
    <subfield code="t">Copy 1</subfield>
    <subfield code="v">59 * 1988 Feb-Jun</subfield>
    <subfield code="w">CCF</subfield>
  </datafield>
  <datafield ind1=" " ind2=" " tag="991">
    <subfield code="b">c-GenColl</subfield>
    <subfield code="h">HQ750.A1</subfield>
    <subfield code="i">C45</subfield>
    <subfield code="p">00017795284</subfield>
    <subfield code="t">Copy 1</subfield>
    <subfield code="v">59 Aug-Dec * 1988</subfield>
    <subfield code="w">CCF</subfield>
  </datafield>
  <datafield ind1=" " ind2=" " tag="991">
    <subfield code="b">c-GenColl</subfield>
    <subfield code="h">HQ750.A1</subfield>
    <subfield code="i">C45</subfield>
    <subfield code="p">00015180109</subfield>
    <subfield code="t">Copy 1</subfield>
    <subfield code="v">60 Aug-Dec 1989 * 1989</subfield>
    <subfield code="w">CCF</subfield>
  </datafield>
  <datafield ind1=" " ind2=" " tag="991">
    <subfield code="b">c-GenColl</subfield>
    <subfield code="h">HQ750.A1</subfield>
    <subfield code="i">C45</subfield>
    <subfield code="p">00015180110</subfield>
    <subfield code="t">Copy 1</subfield>
    <subfield code="v">60 Feb-Jun 1989 * 1991</subfield>
    <subfield code="w">CCF</subfield>
  </datafield>
  <datafield ind1=" " ind2=" " tag="991">
    <subfield code="b">c-GenColl</subfield>
    <subfield code="h">HQ750.A1</subfield>
    <subfield code="i">C45</subfield>
    <subfield code="p">00018859580</subfield>
    <subfield code="t">Copy 1</subfield>
    <subfield code="v">61 Dec 1990 * 8888</subfield>
    <subfield code="w">CCF</subfield>
  </datafield>
  <datafield ind1=" " ind2=" " tag="991">
    <subfield code="b">c-GenColl</subfield>
    <subfield code="h">HQ750.A1</subfield>
    <subfield code="i">C45</subfield>
    <subfield code="p">00013488885</subfield>
    <subfield code="t">Copy 1</subfield>
    <subfield code="v">61:1990 * 1990</subfield>
    <subfield code="w">CCF</subfield>
  </datafield>
  <datafield ind1=" " ind2=" " tag="991">
    <subfield code="b">c-GenColl</subfield>
    <subfield code="h">HQ750.A1</subfield>
    <subfield code="i">C45</subfield>
    <subfield code="p">0001444807A</subfield>
    <subfield code="t">Copy 1</subfield>
    <subfield code="v">62 Feb-Aug * 8888</subfield>
    <subfield code="w">CCF</subfield>
  </datafield>
  <datafield ind1=" " ind2=" " tag="991">
    <subfield code="b">c-GenColl</subfield>
    <subfield code="h">HQ750.A1</subfield>
    <subfield code="i">C45</subfield>
    <subfield code="p">00012458733</subfield>
    <subfield code="t">Copy 1</subfield>
    <subfield code="v">63 * 1992</subfield>
    <subfield code="w">CCF</subfield>
  </datafield>
  <datafield ind1=" " ind2=" " tag="991">
    <subfield code="b">c-GenColl</subfield>
    <subfield code="h">HQ750.A1</subfield>
    <subfield code="i">C45</subfield>
    <subfield code="p">00022113422</subfield>
    <subfield code="t">Copy 1</subfield>
    <subfield code="v">63 Aug-Dec * 1992</subfield>
    <subfield code="w">CCF</subfield>
  </datafield>
  <datafield ind1=" " ind2=" " tag="991">
    <subfield code="b">c-GenColl</subfield>
    <subfield code="h">HQ750.A1</subfield>
    <subfield code="i">C45</subfield>
    <subfield code="p">00025661114</subfield>
    <subfield code="t">Copy 1</subfield>
    <subfield code="v">64 1993 * 8888</subfield>
    <subfield code="w">CCF</subfield>
  </datafield>
  <datafield ind1=" " ind2=" " tag="991">
    <subfield code="b">c-GenColl</subfield>
    <subfield code="h">HQ750.A1</subfield>
    <subfield code="i">C45</subfield>
    <subfield code="p">00023593221</subfield>
    <subfield code="t">Copy 1</subfield>
    <subfield code="v">65 * 1994 FEB-APR</subfield>
    <subfield code="w">CCF</subfield>
  </datafield>
  <datafield ind1=" " ind2=" " tag="991">
    <subfield code="b">m-Problem</subfield>
    <subfield code="w">ACQUIRE</subfield>
  </datafield>
  <datafield ind1=" " ind2=" " tag="992">
    <subfield code="b">Unk</subfield>
    <subfield code="w">SERLOC</subfield>
  </datafield>
  <datafield ind1=" " ind2=" " tag="992">
    <subfield code="b">EDP</subfield>
    <subfield code="w">ACQUIRE</subfield>
  </datafield>
</record>
